Statistics for Most Spoken Languages in India

Click here to take the quiz!

General Stats

  • This quiz has been taken 30 times
  • The average score is 4 of 5

Answer Stats

HintAnswer% Correct
460 MillionHindi
100%
650 MillionEnglish
96%
103 MillionBengali
89%
67 MillionGujarati
68%
166 MillionUrdu
68%

Score Distribution

Percentile by Number Answered

Percent of People with Each Score

Your Score History

You have not taken this quiz